| 000 | 01353nam a22003617a 4500 | ||
|---|---|---|---|
| 001 | 4014362 | ||
| 003 | OSt | ||
| 005 | 20210426065535.0 | ||
| 008 | 970106r1997 nyuaf b 001 0beng | ||
| 010 | _a 97000520 | ||
| 020 | _a0374218994 (cloth : alk. paper) | ||
| 040 |
_aDLC _cDLC _dDLC |
||
| 043 |
_an-us--- _ae-uk-en |
||
| 050 | 0 | 0 |
_aHV6653.W67 _bM33 1997 |
| 080 |
_a92 _bM-12 |
||
| 082 | 0 | 0 |
_a364.16/2/092 _aB _221 |
| 100 | 1 |
_aMacintyre, Ben, _d1963- |
|
| 245 | 1 | 4 |
_aThe Napoleon of crime : _bthe life and times of Adam Worth, master thief / _cBen Macintyre. |
| 246 | 1 | 4 | _aLife and times of Adam Worth, master thief |
| 250 | _a1st American ed., 1st Farrar, Straus and Giroux ed. | ||
| 260 |
_aNew York : _bFarrar, Straus, Giroux, _c1997. |
||
| 300 |
_axi, 336 p., [16] p. of plates : _bill. ; _c24 cm. |
||
| 365 | _a24.00 USD | ||
| 504 | _aIncludes bibliographical references (p. [299]-328) and index. | ||
| 600 | 1 | 0 |
_aWorth, Adam, _d1844-1902. |
| 650 | 0 |
_aThieves _zUnited States _xBiography. |
|
| 650 | 0 |
_aThieves _zEngland _xBiography. |
|
| 650 | 0 |
_aBank robberies _zGreat Britain _xHistory _y19th century. |
|
| 653 | _aბიოგრაფია | ||
| 906 |
_a7 _bcbc _corignew _d1 _eocip _f19 _gy-gencatlg |
||
| 942 |
_2udc _cBK |
||
| 999 |
_c1434 _d1434 |
||